000
00313nam a22001457a 4500
008
210308b ||||| |||| 00| 0 eng d
020
_a
0070081662
041
_a
eng
080
_2
10th
_a
51
082
_a
51
100
_a
36
101
_a
MAT
245
_a
Bussiness Mathematics
_c
Peterson, P
942
_2
udc
_c
BK
999
_c
55976
_d
55976